Loading...
Philosophy | 0 | 7 | 0 | 1 | 70 | 34 | 69.86 | 2 | 5 |
Literature - British Literature | 0 | 6 | 0 | 0 | 60 | 55 | 78.17 | 1 | 4 |
Literature - World/Other Literature | 0 | 6 | 0 | 1 | 60 | 64 | 97.33 | 0 | 0 |
Literature - American Literature | 0 | 6 | 0 | 0 | 60 | 30 | 84.17 | 1 | 3 |
Science - Biology | 0 | 4 | 0 | 0 | 40 | 67 | 70.50 | 2 | 3 |
Social Science | 0 | 3 | 0 | 0 | 30 | 49 | 65.67 | 1 | 1 |
History - American History | 0 | 3 | 0 | 0 | 30 | 61 | 82.33 | 0 | 1 |
Literature - European Literature | 0 | 4 | 2 | 0 | 30 | 24 | 69.75 | 0 | 1 |
Science - Chemistry | 0 | 3 | 1 | 0 | 25 | 52 | 55.67 | 1 | 3 |
Religion | 0 | 2 | 0 | 0 | 20 | 73 | 95.50 | 0 | 1 |
Fine Arts - Other Fine Arts | 0 | 2 | 1 | 0 | 15 | 61 | 101.00 | 1 | 1 |
History - World History | 0 | 1 | 0 | 0 | 10 | 65 | 65.00 | 0 | 0 |
Geography/Current Events | 0 | 1 | 0 | 0 | 10 | 73 | 73.00 | 0 | 1 |
Science - Other Science | 0 | 0 | 1 | 0 | -5 | 0.00 | 0 | 0 |